000 01523nam0a22003251 4500
001 rc\2763269
005 20260407093502.0
010 _bВ пер.
_d5 р. 35 к.
_920000
021 _aRU
_b№ 23501 [40-42855] 9
035 _a(NLR Aleph) 006889809
090 _a7134651
_c7134651
100 _a20110915d1940 |||y0rusy50 ca
101 0 _arus
102 _aRU
105 _ay j |||||
200 1 _aУголовный процесс
_eВКВШ при СНК СССР утв. в качестве учебника для юридических высших учебных заведений
_fпроф. М.С. Строгович
_gИн-т права Акад. наук СССР
210 _aМосква
_cЮриздат
_d1940
215 _a312 с.
_d22 см.
300 _aНа переплете автор не указан
320 _aБиблиогр.: "Перечень литературы по уголовному процессу" с. 305-8
606 1 _aУголовный процесс
_jУчебники для высших учебных заведений
_yСССР
_91416739
_3RU\NLR\AUTH\66286007
686 0 _aХ629.3я73
_2rubbk
700 1 _aСтрогович
_bМ. С.
_f1894-1984
_gМихаил Соломонович
712 0 2 _4570
_aИнститут государства и права
_cМосква
_9330457
_3RU\NLR\AUTH\889917145
801 0 _aRU
_bNLR
_gpsbo
801 1 _aRU
_bELAR
_2rusmarc
801 2 _aRU
_bNLR
_c20140701
_2rusmarc
852 _aNLR
_jП80 В-5/1
942 _cBOOK
980 _aNB